تاريخ الأدب العربي ;; Tārīkh al-adab al-ʿArabī / (Record no. 83181)
[ view plain ]
| 000 -LEADER | |
|---|---|
| fixed length control field | 00784nam a2200229 a 4500 |
| 001 - CONTROL NUMBER | |
| control field | 83181 |
| 003 - CONTROL NUMBER IDENTIFIER | |
| rucl marc code | BD-RjUL |
| 005 - DATE AND TIME OF LATEST TRANSACTION | |
| control field | 20240228154816.0 |
| 008 - FIXED-LENGTH DATA ELEMENTS--GENERAL INFORMATION | |
| fixed length control field | 240228s1962 le b 000 0 arar |
| 035 ## - SYSTEM CONTROL NUMBER | |
| System control number | (BD-RjUL) 83181 |
| 040 ## - CATALOGING SOURCE | |
| Original cataloging agency | DLC |
| Transcribing agency | DLC |
| Modifying agency | DLC |
| -- | NNU |
| -- | UkOxU |
| Language of cataloging | eng |
| 041 ## - LANGUAGE CODE | |
| Language code of text/sound track or separate title | ara |
| 043 ## - GEOGRAPHIC AREA CODE | |
| Geographic area code | ma----- |
| 082 ## - DEWEY DECIMAL CLASSIFICATION NUMBER | |
| Edition number | 23 |
| Classification number | 892.709 |
| Author mark and year | ZAT 1962 |
| 100 1# - MAIN ENTRY--PERSONAL NAME | |
| Personal name | Zayat Ahmed Hassan ;; زيات, احمد حسن |
| Dates associated with a name | 1906-1987. |
| 9 (RLIN) | 245188 |
| 245 10 - TITLE STATEMENT | |
| Title | تاريخ الأدب العربي ;; Tārīkh al-adab al-ʿArabī / |
| Statement of responsibility, etc. | احمد حسن زيات ;; Ahmed Hassan Zayat |
| 260 ## - PUBLICATION, DISTRIBUTION, ETC. (IMPRINT) | |
| Place of publication, distribution, etc. | Misr : |
| Date of publication, distribution, etc. | [1962] |
| Name of publisher, distributor, etc. | Maktubat i Nahja, |
| 300 ## - PHYSICAL DESCRIPTION | |
| Pagination | 536 p.; |
| Size | 25 cm. |
| 504 ## - BIBLIOGRAPHY, ETC. NOTE | |
| Bibliography, etc | Includes bibliographical references. |
| 650 #0 - SUBJECT ADDED ENTRY--TOPICAL TERM | |
| Topical term or geographic name as entry element | Arabic literature |
| General subdivision | History and criticism. |
| 9 (RLIN) | 245189 |
| 942 ## - ADDED ENTRY ELEMENTS (KOHA) | |
| Source of classification or shelving scheme | Dewey Decimal Classification |
| Koha item type | Books |
| Lost status | Source of classification or shelving scheme | Damaged status | Not for loan | Collection code | Permanent Location | Current Location | Shelving location | Date acquired | Source of acquisition | Cost, normal purchase price | Total Checkouts | Full call number | Date last seen | Copy number | Koha item type |
|---|---|---|---|---|---|---|---|---|---|---|---|---|---|---|---|
| Dewey Decimal Classification | Not For Loan | Non-fiction | Central Library, University of Rajshahi | Central Library, University of Rajshahi | Reading Room | 20/04/1964 | Urdu library , Ghoramara, Rajshahi | 56.00 | A 892.709 ZAT 1962 | 28/02/2024 | C-1 | Books |